[Event "XVI C.to Mondiale seniores"]
[Site "Arvier ITA"]
[Date "2006.09.16"]
[Round "6"]
[White "Beltrami, Nerio"]
[Black "Buxade Roca, Guillermo"]
[Result "1-0"]
[WhiteElo "2055"]
[BlackElo "2202"]
[PlyCount "103"]
[EventDate "2006.09.11"]

1. e4 c5 2. Nf3 Nc6 3. Bb5 Nf6 4. Bxc6 dxc6 5. d3 g6 6. b3 Bg7 7. Bb2 O-O 8.
Nbd2 a5 9. a4 Re8 10. O-O b6 11. Nc4 Bg4 12. Ne3 Bxf3 13. Qxf3 e5 14. Qe2 Nh5
15. g3 Ra7 16. f4 exf4 17. Bxg7 Nxg7 18. gxf4 f5 19. e5 g5 20. Qf2 b5 21. Rae1
Rae7 22. Ng2 bxa4 23. bxa4 Qd4 24. fxg5 Rxe5 25. Rxe5 Rxe5 26. Re1 Rxe1+ 27.
Nxe1 Ne6 28. h4 Kf7 29. Nf3 Qd5 30. Nd2 Nd4 31. Nc4 Kg6 32. c3 Ne6 33. Qe2 Kg7
34. Nxa5 h6 35. gxh6+ Kxh6 36. Nc4 Nf4 37. Qe3 Qg8+ 38. Kf1 Qg2+ 39. Ke1 Qh1+
40. Kd2 Qxh4 41. Kc2 Kh7 42. Qxc5 Qg4 43. Qe7+ Kh6 44. a5 Ng6 45. Qe6 c5 46. a6
Qg2+ 47. Kb3 Qf1 48. Ne5 Qb1+ 49. Ka4 Qa1+ 50. Kb5 Qb2+ 51. Kc6 Qg2+ 52. Kxc5
1-0

[Event "XVI C.to Mondiale seniores"]
[Site "Arvier ITA"]
[Date "2006.09.16"]
[Round "6"]
[White "Boey, Josef Martin"]
[Black "Bondick, Karl-Heinz"]
[Result "1-0"]
[WhiteElo "2277"]
[BlackElo "2154"]
[PlyCount "61"]
[EventDate "2006.09.11"]

1. e4 e5 2. Nf3 Qe7 3. Nc3 c6 4. d4 d6 5. h3 Nf6 6. dxe5 dxe5 7. Be3 Qc7 8. a3
Be7 9. Bc4 O-O 10. Qe2 Nbd7 11. O-O b5 12. Ba2 a5 13. Rfd1 Nc5 14. Bxc5 Bxc5
15. a4 Ba6 16. axb5 cxb5 17. Nd5 Nxd5 18. Bxd5 b4 19. Qd2 Rae8 20. c4 Bc8 21.
b3 Kh8 22. Qe2 f5 23. Ra2 fxe4 24. Bxe4 Rf4 25. Qd3 Qb6 26. Rdd2 Ref8 27. Qd5
Rxe4 28. Qxe4 Bb7 29. Qxe5 h6 30. Rd7 Qg6 31. Nh4 1-0

[Event "XVI C.to Mondiale seniores"]
[Site "Arvier ITA"]
[Date "2006.09.16"]
[Round "6"]
[White "Cavatorta, Fosco"]
[Black "Speijer, Nico Bram"]
[Result "0-1"]
[WhiteElo "2010"]
[BlackElo "2201"]
[PlyCount "100"]
[EventDate "2006.09.11"]

1. Nf3 Nf6 2. g3 g6 3. Bg2 Bg7 4. O-O O-O 5. d3 d6 6. e4 e5 7. Nbd2 Nc6 8. c3
Ng4 9. b4 f5 10. b5 Nb8 11. h3 Nf6 12. Qb3+ Kh8 13. Ng5 Qe7 14. exf5 gxf5 15.
h4 h6 16. Nh3 Nbd7 17. d4 exd4 18. Nf4 Qf7 19. cxd4 a6 20. bxa6 Rxa6 21. Qxf7
Rxf7 22. Ne6 c5 23. Nxg7 Kxg7 24. Bb2 b5 25. dxc5 dxc5 26. Bd5 Re7 27. Rfe1
Rxe1+ 28. Rxe1 Kg6 29. Be6 Rd6 30. Nf3 Bb7 31. Bxd7 Nxd7 32. Ne5+ Nxe5 33. Bxe5
Rd2 34. Bf4 Rxa2 35. Re6+ Kf7 36. Re1 h5 37. Bg5 Bf3 38. Be7 Rc2 39. Bg5 b4 40.
Re7+ Kf8 41. Re5 Be4 42. Be3 b3 43. Bxc5+ Rxc5 44. Rxc5 b2 45. Rb5 b1=Q+ 46.
Rxb1 Bxb1 47. f3 Ba2 48. Kf2 Kf7 49. Ke3 Kf6 50. Kf4 Be6 0-1

[Event "XVI C.to Mondiale seniores"]
[Site "Arvier ITA"]
[Date "2006.09.16"]
[Round "6"]
[White "Davydov, Mikhail"]
[Black "Zhelesny, Stanislav"]
[Result "1/2-1/2"]
[WhiteElo "2113"]
[BlackElo "2235"]
[PlyCount "37"]
[EventDate "2006.09.11"]

1. e4 c6 2. d4 d5 3. e5 Bf5 4. Nc3 e6 5. g4 Bg6 6. Nge2 f6 7. Nf4 Bf7 8. Qe2
fxe5 9. Qxe5 Qd6 10. Nd3 Qxe5+ 11. Nxe5 Nd7 12. Bf4 Nxe5 13. Bxe5 Nf6 14. h3
Nd7 15. Bg3 Be7 16. O-O-O O-O-O 17. f4 Bd6 18. Ne2 Nf6 19. Bg2 1/2-1/2

[Event "XVI C.to Mondiale seniores"]
[Site "Arvier ITA"]
[Date "2006.09.16"]
[Round "6"]
[White "Donchenko, Anatoly G."]
[Black "Karasev, Vladimir I."]
[Result "1-0"]
[WhiteElo "2405"]
[BlackElo "2379"]
[PlyCount "69"]
[EventDate "2006.09.11"]

1. d4 Nf6 2. Nf3 e6 3. c4 b6 4. g3 Bb7 5. Bg2 Bb4+ 6. Bd2 a5 7. O-O O-O 8. Bxb4
axb4 9. a3 Qe7 10. Qb3 Nc6 11. Rc1 Ra7 12. e3 Rfa8 13. Qc2 Nd8 14. a4 c5 15.
Nbd2 d6 16. b3 Bc6 17. Rd1 Qb7 18. Rac1 Ra5 19. Qd3 cxd4 20. exd4 Rf5 21. d5
Nxd5 22. cxd5 Rxd5 23. Qe3 Rc5 24. Qd4 Bd5 25. Qxb4 Nc6 26. Qf4 e5 27. Qe3 Rc8
28. Rxc5 bxc5 29. Nc4 Bxc4 30. bxc4 Qd7 31. Qe4 h6 32. Qd5 Rd8 33. a5 Nb4 34.
Qd2 d5 35. cxd5 1-0

[Event "XVI C.to Mondiale seniores"]
[Site "Arvier ITA"]
[Date "2006.09.16"]
[Round "6"]
[White "Elfert, Aleksandr V."]
[Black "De Leeuw, Johannes"]
[Result "1-0"]
[WhiteElo "2166"]
[BlackElo "2001"]
[PlyCount "41"]
[EventDate "2006.09.11"]

1. e4 c6 2. d4 d5 3. Nd2 dxe4 4. Nxe4 Nd7 5. Bc4 Ngf6 6. Ng5 e6 7. N1f3 Be7 8.
Nxf7 Qa5+ 9. Bd2 Qh5 10. Nxh8 Nb6 11. Be2 Bd7 12. Ng5 Qh4 13. c3 Ne4 14. g3
Bxg5 15. gxh4 Bxd2+ 16. Kf1 O-O-O 17. Nf7 Rf8 18. Nd6+ Nxd6 19. Qxd2 Ne4 20.
Qe3 Nxf2 21. Qxf2 1-0

[Event "XVI C.to Mondiale seniores"]
[Site "Arvier ITA"]
[Date "2006.09.16"]
[Round "6"]
[White "Etmans, Maarten D."]
[Black "Karl, Hans"]
[Result "1/2-1/2"]
[WhiteElo "2159"]
[BlackElo "2240"]
[PlyCount "90"]
[EventDate "2006.09.11"]

1. e4 e5 2. Nf3 Nc6 3. Bb5 a6 4. Ba4 Nf6 5. Qe2 b5 6. Bb3 Be7 7. O-O O-O 8. c3
d6 9. d4 Bg4 10. Rd1 Qc8 11. d5 Na5 12. Bc2 c6 13. dxc6 Qxc6 14. Bg5 Nc4 15. b3
Nb6 16. Rd3 Rfe8 17. Bxf6 Bxf6 18. Nbd2 Nd7 19. h3 Bh5 20. g4 Bg6 21. Ne1 Nc5
22. Rg3 Ne6 23. Ng2 Nf4 24. Qf3 h6 25. Rd1 Rac8 26. Kh2 Qb6 27. Bb1 Qa5 28. c4
Ne6 29. Qd3 Bg5 30. Nf3 Bf4 31. Nxf4 Nxf4 32. Qd2 Qb6 33. cxb5 axb5 34. Nh4 b4
35. Ng2 Re6 36. Nxf4 exf4 37. Rf3 Bxe4 38. Bxe4 Rxe4 39. Qxd6 Qxd6 40. Rxd6 Rc2
41. Ra6 g5 42. Kg2 Kg7 43. Ra4 Re1 44. Rxb4 Rxa2 45. h4 Ree2 1/2-1/2

[Event "XVI C.to Mondiale seniores"]
[Site "Arvier ITA"]
[Date "2006.09.16"]
[Round "6"]
[White "Giani, Franco"]
[Black "Frumson, Yury"]
[Result "1/2-1/2"]
[WhiteElo "2043"]
[BlackElo "2317"]
[PlyCount "51"]
[EventDate "2006.09.11"]

1. c4 e6 2. g3 d5 3. cxd5 exd5 4. Bg2 Nf6 5. Nf3 c6 6. O-O Be7 7. d3 h6 8. Nbd2
O-O 9. a3 Re8 10. b4 Nbd7 11. Bb2 a5 12. Bc3 axb4 13. axb4 Rxa1 14. Qxa1 Bf8
15. e3 Nb8 16. Bxf6 Qxf6 17. Qxf6 gxf6 18. Rb1 Bf5 19. Ne1 Na6 20. b5 Nb4 21.
bxc6 bxc6 22. e4 Be6 23. d4 Rd8 24. exd5 Bxd5 25. Bxd5 Rxd5 26. Nb3 1/2-1/2

[Event "XVI C.to Mondiale seniores"]
[Site "Arvier ITA"]
[Date "2006.09.16"]
[Round "6"]
[White "Gousseinov, Aguif"]
[Black "Keserovic, Milan"]
[Result "0-1"]
[WhiteElo "2049"]
[BlackElo "2230"]
[PlyCount "134"]
[EventDate "2006.09.11"]

1. e4 e5 2. Nf3 Nc6 3. Nc3 Nf6 4. d4 exd4 5. Nxd4 Bb4 6. Nxc6 bxc6 7. Bd3 d5 8.
exd5 cxd5 9. O-O O-O 10. Bg5 c6 11. Qf3 h6 12. Bxf6 Qxf6 13. Qxf6 gxf6 14. Ne2
Bd7 15. Ng3 Kh8 16. c3 Bc5 17. Rfe1 Rab8 18. b4 Bd6 19. Bf5 Be8 20. Nh5 Be5 21.
Rac1 d4 22. f4 Bd6 23. Rcd1 c5 24. bxc5 Bxc5 25. cxd4 Bb4 26. Rb1 Ba4 27. Rec1
Bd2 28. Rxb8 Rxb8 29. Rc8+ Rxc8 30. Bxc8 Be3+ 31. Kf1 Bb5+ 32. Ke1 Bxd4 33. Bb7
Bc4 34. a4 Kg8 35. Kd2 Kf8 36. Ng3 Bg1 37. Kc3 Be6 38. Nf1 Ke7 39. h3 h5 40.
Ng3 h4 41. Ne2 Bc5 42. Nd4 Bd7 43. a5 Kd6 44. Kc4 Bxd4 45. Kxd4 f5 46. Bd5 f6
47. Kc4 Ba4 48. Bb7 Bc2 49. Kd4 Ba4 50. Kc4 Bd7 51. Bd5 Bc8 52. Ba8 Ba6+ 53.
Kd4 Bb5 54. Bb7 Bc6 55. Bc8 Be4 56. Kc4 Kc6 57. Be6 Bxg2 58. Bxf5 Bf1+ 59. Kb4
Kd5 60. Bg4 Kd4 61. Kb3 Ke3 62. f5 Kd4 63. Kb4 Bd3 64. Bf3 Bxf5 65. Kb5 Bd3+
66. Kc6 f5 67. Kb7 Be4+ 0-1

[Event "XVI C.to Mondiale seniores"]
[Site "Arvier ITA"]
[Date "2006.09.16"]
[Round "6"]
[White "Gutzeit, Avraham"]
[Black "Manukyan, Aleksan"]
[Result "1-0"]
[WhiteElo "2079"]
[BlackElo "2195"]
[PlyCount "120"]
[EventDate "2006.09.11"]

1. e4 e6 2. d4 d5 3. Nc3 Bb4 4. e5 c5 5. a3 cxd4 6. axb4 dxc3 7. Nf3 Qc7 8.
bxc3 Ne7 9. Bd3 Ng6 10. O-O Nd7 11. Re1 Qxc3 12. Bd2 Qc7 13. Qe2 Nb6 14. h4 Nc4
15. Bc1 b5 16. h5 Ne7 17. Nd4 Rb8 18. Kh1 a6 19. Qg4 g6 20. Bh6 Rg8 21. Bf4 Bb7
22. h6 Kd7 23. Nb3 Qc6 24. Qg5 Rbe8 25. Ra2 Ra8 26. Rea1 Ke8 27. Nc5 a5 28.
Nxb7 Qxb7 29. bxa5 Nc6 30. a6 Qe7 31. Rb1 Qxg5 32. Bxg5 N6xe5 33. Rxb5 Kd7 34.
Bxc4 Nxc4 35. Rb7+ Kc6 36. Rxf7 Rgf8 37. Rxh7 Rxf2 38. Rg7 Ne5 39. Kh2 Rf5 40.
Bd2 Rf2 41. Bc3 Rf5 42. h7 Ng4+ 43. Kg3 Nf2 44. Rg8 Ne4+ 45. Kh2 Rh5+ 46. Kg1
Nxc3 47. Rxa8 Nxa2 48. h8=Q Rxh8 49. Rxh8 Kb6 50. Rb8+ Ka7 51. Re8 Nb4 52. Rxe6
Nxa6 53. Rxg6 Nb4 54. Rd6 Kb7 55. c3 Na2 56. Rxd5 Nxc3 57. Rd3 Ne4 58. g4 Kc6
59. Kg2 Nf6 60. g5 Nd5 1-0

[Event "XVI C.to Mondiale seniores"]
[Site "Arvier ITA"]
[Date "2006.09.16"]
[Round "6"]
[White "Jakobsen, Ole"]
[Black "Gabriel, Josef"]
[Result "1-0"]
[WhiteElo "2387"]
[BlackElo "2204"]
[PlyCount "111"]
[EventDate "2006.09.11"]

1. d4 f5 2. Nc3 Nf6 3. Bg5 Nc6 4. Bxf6 exf6 5. e3 d5 6. Bb5 Be6 7. Nge2 Bf7 8.
Nf4 Qd7 9. a3 g6 10. O-O Bg7 11. Qe2 O-O 12. Nfxd5 a6 13. Bxc6 bxc6 14. Nb4 f4
15. Qf3 fxe3 16. fxe3 c5 17. dxc5 f5 18. Nbd5 Kh8 19. Rad1 Qc6 20. Qf4 Ra7 21.
b4 Re8 22. Rd3 Re5 23. Rfd1 Ra8 24. Qf3 Rae8 25. Qf4 h6 26. h4 Kh7 27. Qg3 a5
28. Qf4 axb4 29. axb4 Qb7 30. b5 c6 31. Nb4 Re4 32. Nxe4 Rxe4 33. Qg3 Qxb5 34.
c3 Be5 35. Qf2 Qxc5 36. Rd7 Kg7 37. Nd3 Qxc3 38. Nxe5 Rxe5 39. Rc7 Kf6 40. Rd6+
Be6 41. Rdxc6 Qxe3 42. Qxe3 Rxe3 43. Rh7 h5 44. Rb7 Re4 45. Rbb6 f4 46. Kf2 Kf5
47. Rc5+ Kg4 48. Rg5+ Kxh4 49. Rxg6 Bg4 50. Rb2 Rd4 51. Rg7 Re4 52. Rd2 Rc4 53.
Kg1 Rc3 54. Kh2 Rg3 55. Rd4 f3 56. Rdxg4+ 1-0

[Event "XVI C.to Mondiale seniores"]
[Site "Arvier ITA"]
[Date "2006.09.16"]
[Round "6"]
[White "Kaminik, Aleksandar"]
[Black "Tatai, Stefano"]
[Result "1/2-1/2"]
[WhiteElo "2226"]
[BlackElo "2361"]
[PlyCount "66"]
[EventDate "2006.09.11"]

1. d4 Nf6 2. c4 e6 3. Nc3 Bb4 4. e3 c5 5. Bd3 d5 6. Nge2 O-O 7. O-O dxc4 8.
Bxc4 Nbd7 9. Bd3 a6 10. Ne4 cxd4 11. exd4 b5 12. Bf4 Nd5 13. Bd2 Bb7 14. Rc1
Bxd2 15. Qxd2 N5f6 16. N2g3 Nxe4 17. Bxe4 Bxe4 18. Nxe4 Nb6 19. b3 Nd5 20. Rc5
b4 21. Qd3 a5 22. Rfc1 a4 23. g3 h6 24. Rc6 axb3 25. axb3 Ra2 26. Qc4 Qa5 27.
Rc8 Rxc8 28. Qxc8+ Kh7 29. Rc5 Ra1+ 30. Kg2 Qa6 31. Qxa6 Rxa6 32. Rb5 Ra3 33.
Nc5 Ra7 1/2-1/2

[Event "XVI C.to Mondiale seniores"]
[Site "Arvier ITA"]
[Date "2006.09.16"]
[Round "6"]
[White "Klundt, Klaus"]
[Black "Bukal, Vladimir sr"]
[Result "1/2-1/2"]
[WhiteElo "2380"]
[BlackElo "2414"]
[PlyCount "122"]
[EventDate "2006.09.11"]

1. e4 e6 2. Qe2 c5 3. Nf3 Nc6 4. g3 g6 5. Bg2 Bg7 6. d3 Nge7 7. c3 d6 8. O-O
O-O 9. Rd1 e5 10. Na3 f5 11. Nc4 b5 12. Ne3 f4 13. Nd5 Rb8 14. h3 fxg3 15. fxg3
h6 16. Nxe7+ Qxe7 17. Be3 Be6 18. d4 exd4 19. cxd4 Rxf3 20. Qxf3 Nxd4 21. Bxd4
Bxd4+ 22. Rxd4 cxd4 23. Qf4 g5 24. Qf2 Qg7 25. a4 Rf8 26. Qd2 Qe5 27. g4 Bc4
28. axb5 d3 29. Qc3 Qxc3 30. bxc3 Bxb5 31. e5 dxe5 32. Bd5+ Kh8 33. c4 Be8 34.
Be4 d2 35. Rd1 Bf7 36. Rxd2 Bxc4 37. Rc2 Bf7 38. Rc7 a6 39. Re7 Kg7 40. Ra7 Rd8
41. Rxa6 Rd4 42. Bf5 Rd2 43. Ra7 Rd6 44. Kf2 Kf6 45. Ke3 h5 46. Ra1 Rb6 47. Bd3
h4 48. Rf1+ Ke7 49. Rf5 Rb3 50. Rxe5+ Kd6 51. Rb5 Ra3 52. Kd4 Ra4+ 53. Ke3 Bd5
54. Rb6+ Kc7 55. Rg6 Bg2 56. Rxg5 Bxh3 57. Rh5 Rxg4 58. Bf5 Rg3+ 59. Kf4 Bxf5
60. Rxh4 Rh3 61. Rxh3 Bxh3 1/2-1/2

[Event "XVI C.to Mondiale seniores"]
[Site "Arvier ITA"]
[Date "2006.09.16"]
[Round "6"]
[White "Kock, Hans-Uwe"]
[Black "Hutchings, Frank"]
[Result "1/2-1/2"]
[WhiteElo "2130"]
[BlackElo "2054"]
[PlyCount "106"]
[EventDate "2006.09.11"]

1. d4 c5 2. d5 e5 3. c4 d6 4. Nc3 g6 5. e4 Bg7 6. h3 Nf6 7. Be3 Na6 8. a3 Bd7
9. Bd3 Nc7 10. b4 b6 11. Nge2 Rb8 12. Qd2 h6 13. g4 Qc8 14. Ng3 Ke7 15. f3 Na6
16. b5 Nc7 17. Kf2 Qf8 18. Kg2 Nfe8 19. a4 Nf6 20. Ra2 Qg8 21. Nce2 Qh7 22. Nc3
Rb7 23. Rf1 Rd8 24. Qe1 Rf8 25. f4 Ng8 26. Nb1 Qh8 27. f5 g5 28. Nh5 Nf6 29.
Nxg7 Qxg7 30. Qg3 Nh7 31. Nd2 f6 32. Nf3 Qf7 33. h4 Rg8 34. hxg5 hxg5 35. Rh1
Rg7 36. Kg1 Rb8 37. Rah2 Rc8 38. Rh6 Nf8 39. Qh2 Ne8 40. Qa2 Kd8 41. a5 Rb8 42.
axb6 axb6 43. Kg2 Rh7 44. Rxh7 Nxh7 45. Qa7 Kc8 46. Nd2 Nc7 47. Nb3 Rb7 48. Qa2
Rb8 49. Kf3 Kb7 50. Qh2 Nf8 51. Nc1 Ra8 52. Qb2 Qg7 53. Ne2 Be8 1/2-1/2

[Event "XVI C.to Mondiale seniores"]
[Site "Arvier ITA"]
[Date "2006.09.16"]
[Round "6"]
[White "Kristiansen, Erling"]
[Black "Loktiev, Ivan"]
[Result "1/2-1/2"]
[WhiteElo "2236"]
[BlackElo "2383"]
[PlyCount "46"]
[EventDate "2006.09.11"]

1. d4 Nf6 2. c4 e6 3. Nf3 b6 4. g3 Bb7 5. Bg2 Be7 6. Nc3 Ne4 7. Qc2 Nxc3 8.
Qxc3 O-O 9. O-O d6 10. Qc2 f5 11. d5 e5 12. e3 Qe8 13. Nd2 Qh5 14. f4 Nd7 15.
b3 Nf6 16. Nf3 e4 17. Nd4 Ng4 18. h3 Nh6 19. Ne6 Rf7 20. Bb2 Bf6 21. Rad1 Bxb2
22. Qxb2 Re8 23. Kf2 Bc8 1/2-1/2

[Event "XVI C.to Mondiale seniores"]
[Site "Arvier ITA"]
[Date "2006.09.16"]
[Round "6"]
[White "Ljubarskij, Juri"]
[Black "Laco, Giuseppe"]
[Result "1-0"]
[WhiteElo "2341"]
[BlackElo "2143"]
[PlyCount "59"]
[EventDate "2006.09.11"]

1. e4 c5 2. Nc3 a6 3. g3 b5 4. Bg2 Bb7 5. d3 e6 6. Nge2 b4 7. Na4 d5 8. O-O d4
9. c3 a5 10. cxd4 cxd4 11. b3 e5 12. f4 f6 13. Bb2 Nc6 14. Rc1 Bd6 15. Nc5 Bc8
16. Qc2 Nge7 17. fxe5 fxe5 18. Qc4 Qb6 19. Na4 Qa6 20. Qf7+ Kd8 21. Qxg7 Re8
22. Rf6 Bb8 23. Rc4 Qb5 24. Bc1 Bd7 25. Nc5 Bc8 26. Bg5 Ra7 27. Qh6 Kc7 28.
Qxh7 Kb6 29. Qf7 Rh8 30. Na4+ 1-0

[Event "XVI C.to Mondiale seniores"]
[Site "Arvier ITA"]
[Date "2006.09.16"]
[Round "6"]
[White "Neri, Angelo"]
[Black "Hicker, Harald"]
[Result "0-1"]
[WhiteElo "1981"]
[BlackElo "2136"]
[PlyCount "34"]
[EventDate "2006.09.11"]

1. e4 e5 2. Nf3 Nc6 3. Bb5 a6 4. Bxc6 dxc6 5. O-O Bd6 6. d4 exd4 7. Qxd4 f6 8.
h3 Ne7 9. c4 c5 10. Qd2 O-O 11. Nc3 Be6 12. b3 Ng6 13. Rd1 Qd7 14. Nd5 Bxh3 15.
gxh3 Qxh3 16. Qe2 Nh4 17. Nxh4 Qh2+ 0-1

[Event "XVI C.to Mondiale seniores"]
[Site "Arvier ITA"]
[Date "2006.09.16"]
[Round "6"]
[White "Nordstrom, Felix"]
[Black "Sax, Hans"]
[Result "1-0"]
[WhiteElo "2178"]
[BlackElo "1966"]
[PlyCount "85"]
[EventDate "2006.09.11"]

1. e4 d5 2. exd5 Nf6 3. Bb5+ Bd7 4. Bc4 Bg4 5. f3 Bf5 6. g4 Bc8 7. Nc3 Nbd7 8.
g5 Nh5 9. d3 a6 10. f4 g6 11. a4 Bg7 12. Qf3 Rb8 13. Nge2 Nb6 14. Bb3 e6 15.
dxe6 Bxe6 16. Bxe6 fxe6 17. O-O O-O 18. Qe4 Qd7 19. Be3 Nd5 20. d4 c6 21. Rad1
Rf5 22. Ng3 Nxg3 23. hxg3 Rd8 24. Ne2 Rf7 25. c3 Ne7 26. Rde1 Nf5 27. Bf2 Nd6
28. Qc2 Re8 29. Nc1 Rfe7 30. Nd3 Nf7 31. Re2 b6 32. Qb3 Qc7 33. Qc4 Qc8 34.
Rfe1 Kf8 35. a5 bxa5 36. Nc5 Nd8 37. Nxa6 Nb7 38. Nc5 Nxc5 39. Qxc5 e5 40. fxe5
Qa6 41. Rd2 Kg8 42. Ra1 a4 43. Qb4 1-0

[Event "XVI C.to Mondiale seniores"]
[Site "Arvier ITA"]
[Date "2006.09.16"]
[Round "6"]
[White "Ofstad, Per"]
[Black "Profaizer, Gino"]
[Result "1-0"]
[WhiteElo "2151"]
[BlackElo "2060"]
[PlyCount "59"]
[EventDate "2006.09.11"]

1. Nf3 d5 2. d4 Nf6 3. Bf4 Bf5 4. e3 e6 5. c3 c6 6. Nbd2 Nbd7 7. h3 h6 8. Ne5
Nxe5 9. Bxe5 Be7 10. Be2 O-O 11. O-O Nd7 12. Bh2 c5 13. Re1 Rc8 14. Bf3 Bd3 15.
dxc5 Nxc5 16. e4 d4 17. Be5 dxc3 18. Bxc3 Qd7 19. Nb3 Na4 20. Nd4 Nxc3 21. Qxd3
e5 22. bxc3 exd4 23. Bg4 f5 24. Bxf5 Rxf5 25. exf5 Rxc3 26. Qe2 d3 27. Rad1 Bg5
28. h4 dxe2 29. Rxd7 Rc1 30. Rxc1 1-0

[Event "XVI C.to Mondiale seniores"]
[Site "Arvier ITA"]
[Date "2006.09.16"]
[Round "6"]
[White "Piankov, Evgenij"]
[Black "Masich, Vladimir"]
[Result "1-0"]
[WhiteElo "2324"]
[BlackElo "2041"]
[PlyCount "149"]
[EventDate "2006.09.11"]

1. d4 Nf6 2. Nf3 g6 3. Bg5 Bg7 4. Nbd2 O-O 5. e4 d6 6. c3 Nbd7 7. Be2 e5 8.
dxe5 dxe5 9. Qc2 c6 10. O-O h6 11. Bh4 g5 12. Bg3 Nh5 13. Nc4 Nxg3 14. hxg3 Qe7
15. Rad1 Nb6 16. Ne3 Be6 17. g4 Rfd8 18. Nf5 Bxf5 19. gxf5 g4 20. Nh2 h5 21.
Rxd8+ Rxd8 22. Rd1 Bh6 23. Nf1 Bf4 24. Rxd8+ Qxd8 25. Qb3 Qe7 26. a4 Qc5 27. g3
h4 28. c4 hxg3 29. Nxg3 Qa5 30. Bxg4 Qxa4 31. Qd3 Qb4 32. f6 Qd2 33. Qf3 Nxc4
34. Nf1 Qd8 35. Qg2 Qxf6 36. Be2+ Kf8 37. Bxc4 b5 38. Be2 a5 39. b3 Qe6 40. Qf3
Qg6+ 41. Ng3 Ke7 42. Kf1 Bxg3 43. fxg3 Kd6 44. Kf2 Ke6 45. Qe3 Qf6+ 46. Kg2 Qd8
47. Bg4+ Kd6 48. Bf5 f6 49. Qc3 Qb6 50. Qd2+ Qd4 51. Qxa5 Qb2+ 52. Kh3 Qxb3 53.
Qd8+ Kc5 54. Qxf6 Qc3 55. Bd7 b4 56. Qxc6+ Kd4 57. Qd5+ Ke3 58. Be6 Kf2 59.
Qa2+ Ke3 60. Bd5 Qc8+ 61. Kg2 Qf8 62. Qb3+ Kd4 63. Qf3 Qh6 64. Qd1+ Kc5 65.
Qc2+ Kb6 66. Qb2 Qd6 67. g4 Kb5 68. g5 Qe7 69. Qe2+ Kb6 70. Qf2+ Kb5 71. Qf6
Qc7 72. g6 Qc2+ 73. Kg3 b3 74. Qxe5 Kb4 75. Qb8+ 1-0

[Event "XVI C.to Mondiale seniores"]
[Site "Arvier ITA"]
[Date "2006.09.16"]
[Round "6"]
[White "Pipitone, Antonio"]
[Black "Hvenekilde, Jorgen"]
[Result "1/2-1/2"]
[WhiteElo "1993"]
[BlackElo "2181"]
[PlyCount "63"]
[EventDate "2006.09.11"]

1. e4 e5 2. Nf3 d6 3. d4 exd4 4. Nxd4 g6 5. Nc3 Bg7 6. Be3 Nf6 7. h3 O-O 8. Bd3
a6 9. Qd2 Re8 10. O-O b5 11. Bg5 Bb7 12. Nd5 Nbd7 13. c3 Ne5 14. Rfe1 Nxd3 15.
Qxd3 c6 16. Nxf6+ Bxf6 17. Bxf6 Qxf6 18. Nf3 Rad8 19. Rad1 c5 20. Re3 Bc6 21.
Rde1 Qe7 22. h4 f6 23. a4 bxa4 24. Qxa6 Qb7 25. Qxb7 Bxb7 26. Nd2 Ba6 27. Ra1
Bb5 28. c4 Bc6 29. b3 Ra8 30. bxa4 Rxa4 31. Rxa4 Bxa4 32. Ra3 1/2-1/2

[Event "XVI C.to Mondiale seniores"]
[Site "Arvier ITA"]
[Date "2006.09.16"]
[Round "6"]
[White "Plachetka, Jan"]
[Black "Spassov, Liuben D."]
[Result "1/2-1/2"]
[WhiteElo "2427"]
[BlackElo "2387"]
[PlyCount "30"]
[EventDate "2006.09.11"]

1. d4 Nf6 2. c4 e6 3. Nf3 b6 4. e3 Bb7 5. Bd3 c5 6. O-O Be7 7. Nc3 cxd4 8. exd4
d5 9. cxd5 Nxd5 10. Bb5+ Bc6 11. Qa4 Bxb5 12. Qxb5+ Qd7 13. Nxd5 exd5 14. Qxd7+
Nxd7 15. Re1 f6 1/2-1/2

[Event "XVI C.to Mondiale seniores"]
[Site "Arvier ITA"]
[Date "2006.09.16"]
[Round "6"]
[White "Smits, Oswald"]
[Black "Veselsky, Jozef"]
[Result "0-1"]
[WhiteElo "1887"]
[BlackElo "2169"]
[PlyCount "62"]
[EventDate "2006.09.11"]

1. d4 d5 2. Nf3 Nf6 3. e3 e6 4. Bd3 c5 5. c3 Nc6 6. O-O Be7 7. Nbd2 O-O 8. Re1
b6 9. Qe2 Bb7 10. dxc5 Bxc5 11. Nb3 e5 12. e4 dxe4 13. Bxe4 Nxe4 14. Qxe4 Na5
15. Qe2 Nxb3 16. axb3 Re8 17. Be3 Bd6 18. Rad1 Qc7 19. h3 h6 20. Nd2 Re6 21.
Rf1 Rae8 22. Qc4 Qe7 23. Ne4 Bb8 24. f3 Kh8 25. Bc1 f5 26. Nd2 e4 27. Nb1 exf3
28. gxf3 Rg6+ 29. Kh1 Qe5 30. Rd2 Qg3 31. Qd3 Qxh3+ 0-1

[Event "XVI C.to Mondiale seniores"]
[Site "Arvier ITA"]
[Date "2006.09.16"]
[Round "6"]
[White "Taksrud, Vidar"]
[Black "Altshul, Raffael"]
[Result "0-1"]
[WhiteElo "2120"]
[BlackElo "2291"]
[PlyCount "78"]
[EventDate "2006.09.11"]

1. d4 Nf6 2. c4 e6 3. Nf3 a6 4. Nc3 c5 5. e4 cxd4 6. Nxd4 Qc7 7. Be2 Bb4 8. O-O
Bxc3 9. bxc3 Nxe4 10. Qd3 Nc5 11. Qe3 O-O 12. Ba3 d6 13. Bf3 Nbd7 14. Rfd1 Nb6
15. Be2 Nba4 16. Nb3 b6 17. Rd2 Bb7 18. Rad1 Rad8 19. Qg3 Ne4 20. Qe3 Nxd2 21.
Rxd2 Nc5 22. Rd4 e5 23. Rh4 f5 24. Nxc5 bxc5 25. Bc1 h6 26. Bd3 Rf6 27. f4 Qc6
28. Qg3 e4 29. Bc2 Bc8 30. Qe3 Be6 31. g4 Bxc4 32. g5 Rg6 33. Kf2 d5 34. Qh3
Qe6 35. Bd1 d4 36. Bh5 e3+ 37. Ke1 Qe4 38. Bxe3 dxe3 39. Bxg6 Qh1+ 0-1

[Event "XVI C.to Mondiale seniores"]
[Site "Arvier ITA"]
[Date "2006.09.16"]
[Round "6"]
[White "Vasiukov, Evgeni A."]
[Black "Klovans, Janis"]
[Result "1-0"]
[WhiteElo "2505"]
[BlackElo "2433"]
[PlyCount "105"]
[EventDate "2006.09.11"]

1. Nf3 Nf6 2. g3 d5 3. Bg2 e6 4. O-O Be7 5. d3 c5 6. Nbd2 Nc6 7. e4 b6 8. Re1
Bb7 9. c3 Qc7 10. a3 O-O 11. b4 b5 12. bxc5 dxe4 13. Nxe4 Nxe4 14. Rxe4 Bxc5
15. Rb1 Ne7 16. Re1 Nd5 17. Bd2 Bb6 18. Qb3 Rac8 19. Rec1 Ba6 20. Bf1 Ba5 21.
Nd4 Qd6 22. Qb2 Rfd8 23. Nb3 Bb6 24. c4 Nf6 25. c5 Rxc5 26. Nxc5 Bxc5 27. Bb4
Bxb4 28. Qxb4 Qd7 29. Qa5 Bc8 30. Rc7 Qd6 31. Rbc1 Bd7 32. Rxa7 Be8 33. Ra8
Rxa8 34. Qxa8 h6 35. Rc8 Qe7 36. d4 Kh7 37. Bd3+ g6 38. Rb8 Kg7 39. Bxb5 Bxb5
40. Rxb5 Nd5 41. Rb8 Qg5 42. Rg8+ Kf6 43. Qd8+ Ne7 44. Re8 Qc1+ 45. Kg2 Qxa3
46. h4 g5 47. h5 g4 48. Kh2 Qb4 49. Rxe7 Qxe7 50. Qh8+ Kg5 51. Qg7+ Kxh5 52. f3
gxf3 53. Kh3 1-0

[Event "XVI C.to Mondiale seniores"]
[Site "Arvier ITA"]
[Date "2006.09.16"]
[Round "6"]
[White "Zakharov, Alexander"]
[Black "Siegmund, Rainer"]
[Result "1-0"]
[WhiteElo "2395"]
[BlackElo "2154"]
[PlyCount "55"]
[EventDate "2006.09.11"]

1. e4 c5 2. Nf3 Nc6 3. d4 cxd4 4. Nxd4 Nf6 5. Nc3 e5 6. Ndb5 d6 7. Nd5 Nxd5 8.
exd5 Nb8 9. a4 Be7 10. Be2 O-O 11. O-O a6 12. Na3 f5 13. f4 Nd7 14. Nc4 Bf6 15.
a5 Qe7 16. fxe5 Bxe5 17. Nxe5 Nxe5 18. Qd4 Qc7 19. c4 Bd7 20. b4 Rae8 21. Bb2
Re7 22. Ra3 Kh8 23. Re3 Rfe8 24. Bh5 Rc8 25. c5 dxc5 26. bxc5 Qxc5 27. Qxc5
Rxc5 28. Ba3 1-0

[Event "XVI C.to Mondiale seniores"]
[Site "Arvier ITA"]
[Date "2006.09.16"]
[Round "6"]
[White "Zaric, Srboljub"]
[Black "Arkhangelsky, Boris"]
[Result "0-1"]
[WhiteElo "2241"]
[BlackElo "2395"]
[PlyCount "117"]
[EventDate "2006.09.11"]

1. e4 c5 2. Nf3 e6 3. Nc3 a6 4. d4 cxd4 5. Nxd4 b5 6. Bd3 Bb7 7. O-O Nc6 8.
Nxc6 Bxc6 9. Re1 Be7 10. Qg4 Kf8 11. e5 h5 12. Qe2 Qc7 13. a3 d5 14. Bf4 g6 15.
Qe3 Kg7 16. Ne2 Nh6 17. Nd4 Nf5 18. Bxf5 gxf5 19. Qg3+ Kf8 20. Nxe6+ fxe6 21.
Qg6 Qd7 22. Re3 h4 23. Bh6+ Rxh6 24. Qxh6+ Ke8 25. Qh8+ Bf8 26. Qxh4 Qe7 27.
Qf4 Kd7 28. Rg3 Kc7 29. Rd1 Kb7 30. Rdd3 Rc8 31. c3 Bd7 32. h4 Qh7 33. Rd4 Qh6
34. Qxh6 Bxh6 35. f4 Rh8 36. Rh3 Be8 37. Kf2 Bf8 38. b4 Be7 39. g3 Bd8 40. Rd3
Bb6+ 41. Ke1 Bh5 42. Rh2 Rc8 43. Kd2 Rc4 44. Rg2 Kc6 45. Kc2 a5 46. bxa5 Bxa5
47. Kb3 Bb6 48. Ra2 Ra4 49. Ra1 Bc5 50. Rd2 Kb6 51. Rda2 Ka5 52. Rh2 Re4 53.
Rg2 Re3 54. Rc1 d4 55. Kb2 dxc3+ 56. Kb3 Bd4 57. a4 Bf3 58. Rh2 Bd5+ 59. Kc2
0-1